Normal view
MARC view
- HYDRAULICS-INTRODUCTION.PNEUMATICS-INTRODUCTION
Entry Topical Term
001 - CONTROL NUMBER
- control field: 68425
003 - CONTROL NUMBER IDENTIFIER
- control field: NUST
005 - DATE AND TIME OF LATEST TRANSACTION
- control field: 20210628204039.0
008 - FIXED-LENGTH DATA ELEMENTS
- fixed length control field: 210628|| aca||aabn | a|a d
040 ## - CATALOGING SOURCE
- Original cataloging agency: NUST
- Transcribing agency: NUST
150 ## - HEADING--TOPICAL TERM
- Topical term or geographic name entry element: HYDRAULICS-INTRODUCTION.PNEUMATICS-INTRODUCTION
670 ## - SOURCE DATA FOUND
- Source citation: Work cat.: (NUST): Ilango, S, Soundararajan, V 68424, Introduction to hydraulics and pneumatics, 2011
